| 000 | 00349nam a2200145Ia 4500 | ||
|---|---|---|---|
| 008 | 241014s9999||||xx |||||||||||||| ||und|| | ||
| 020 | _a978032306807-9 | ||
| 060 | _aWU101 .L54 | ||
| 100 | _aLiebgott,Bernard | ||
| 245 | 4 | _aThe Anatomical basis of Dentistry | |
| 250 | _a3rd | ||
| 260 |
_bElsevier _c2011 |
||
| 650 | _aDentistry | ||
| 942 |
_bDIDC _cBK |
||
| 999 |
_c6111 _d6111 |
||